|
|
|
|
| LEADER |
02791nam a2200397Ka 4500 |
| 001 |
bslw06296069 |
| 003 |
UtOrBLW |
| 005 |
20101115152719.0 |
| 006 |
m d |
| 007 |
cr un||||||||| |
| 008 |
101115s2002 enk o 000 0 eng d |
| 020 |
|
|
|a 9780857240521 (electronic bk.) :
|c £63.95 ; €93.95 ; $111.95
|
| 040 |
|
|
|a UtOrBLW
|c UtOrBLW
|d GrThAP
|
| 050 |
|
4 |
|a HF5630
|b .A38 2002
|
| 072 |
|
7 |
|a JNT
|2 bicssc
|
| 072 |
|
7 |
|a KFC
|2 bicssc
|
| 072 |
|
7 |
|a BUS001000
|2 bisacsh
|
| 072 |
|
7 |
|a SCI034000
|2 bisacsh
|
| 080 |
|
|
|a 336.717.16
|
| 082 |
0 |
4 |
|a 657
|2 22
|
| 245 |
0 |
0 |
|a Advances in accounting education
|h [electronic resource] :
|b teaching and curriculum innovations. Vol. 4 /
|c edited by J. Edward Ketz.
|
| 260 |
|
|
|a Bingley, U.K. :
|b Emerald,
|c 2002.
|
| 300 |
|
|
|a 1 online resource (xi, 204 p.).
|
| 490 |
0 |
|
|a Advances in accounting education : teaching and curriculum innovations,
|x 1085-4622
|
| 505 |
0 |
|
|a A service-learning approach to achieving taxpayer compliance in Alaskan native communities / Robert C. Maloney -- A note on equivalent units calculations : teaching steps vs. teaching concepts / Austin Reitenga -- Teaching accounting information systems using personal computer movies / Judith K. Welch -- Measuring the problem-defining ability of accounting students / Richard E. Baker -- Budgeting for snow removal costs using Monte Carlo simulation : a classroom project / Roberta M. Lipsig -- An exploratory study of student beliefs in the response reliability of teaching evaluation instruments / Michael Harkness -- Using the Wall Street Journal and the internet to implement the AECC'S introductory accounting recommendations / Phillip R. Olds -- Developing intermediate accounting students' analytical and communication skills through the annual report project / Mary York Christ -- Expanding the global market : a case study for evaluating alternatives / Ernest R. Larkins -- Development of teaching skills in doctoral programs vs. faculty performance evaluation : a survey study / Daniel Braswell.
|
| 520 |
|
|
|a A refereed, academic research annual whose purpose is to meet the needs of individuals interested in ways to improve their classroom instruction. Articles may be either empirical or non-empirical. They emphasize pedagogy, for example, explaining how teaching methods or curricula/programmes can be improved.
|
| 650 |
|
7 |
|a Business & Economics
|x Accounting
|x General.
|2 bisacsh
|
| 650 |
|
7 |
|a Science
|x History.
|2 bisacsh
|
| 650 |
|
7 |
|a Teaching skills & techniques.
|2 bicssc
|
| 650 |
|
7 |
|a Accounting.
|2 bicssc
|
| 650 |
|
0 |
|a Accounting
|x Study and teaching.
|
| 700 |
1 |
|
|a Ketz, J. Edward.
|
| 700 |
1 |
|
|a Schwartz, Bill N.
|
| 776 |
1 |
|
|z 9780762308569
|
| 856 |
4 |
0 |
|u http://www.emeraldinsight.com/1085-4622/4
|z Full Text via HEAL-Link
|
| 913 |
|
|
|1 BMEbacklist
|